Leçons sur les nombres transfinis /
Guardado en:
| Autor Principal: | |
|---|---|
| Formato: | Libro |
| Idioma: | French Polish |
| Publicado: |
Paris :
Gauthier-Villars,
1950.
|
| Edición: | Nouv. tirage. |
| Series: | Collection de monographies sur la théorie des fonctions
|
| Materias: | |
| Etiquetas: |
Agregar Etiqueta
Sin Etiquetas, Sea el primero en etiquetar este registro!
|
| LEADER | 00983cam a22002775a 4500 | ||
|---|---|---|---|
| 001 | MAT.inmabb003926 | ||
| 008 | 871103r19501928fr#######b####000#0#fre## | ||
| 005 | 20130419124706.0 | ||
| 245 | 1 | 0 | |a Leçons sur les nombres transfinis / |c par Waclaw Sierpinski. |
| 250 | |a Nouv. tirage. | ||
| 260 | |a Paris : |b Gauthier-Villars, |c 1950. | ||
| 300 | |a vi, 240 p. ; |c 24 cm. | ||
| 440 | 0 | |a Collection de monographies sur la théorie des fonctions | |
| 500 | |a Traducción del v.1 (Liczby pozaskoncone) de la obra del autor Zarys teorji mnogosci. | ||
| 500 | |a Publicado originalmente en 1928. | ||
| 504 | |a Incluye referencias bibliográficas. | ||
| 510 | 4 | |a MR, |c 11,423e | |
| 100 | 1 | |a Sierpinski, Waclaw, |d 1882-1969. | |
| 240 | 1 | 0 | |a Zarys teorji mnogosci. |p t. 1. |l Francés |
| 246 | 3 | 0 | |a Nombres transfinis |
| 650 | 0 | |a Transfinite numbers. | |
| 084 | |a 03E10 |2 msc2000 | ||
| 010 | |a 50004606 | ||
| 040 | |a DLC/ICU |c ICU |d DLC | ||
| 041 | 1 | |a fre |h pol | |
| 859 | |h 03 |i Si572 |p A-2095 |b BIB. MATEMATICA | ||
